000 00714nam a2200217 i 4500
001 65549
003 ES-MaACL
005 20230906165415.0
007 t|
008 040115s1972 sp ||||1| spa d
100 0 _aFriedman, Milton (
_d1912-2006)
_952636
245 1 0 _aTeoría de los precios /
_cMilton Friedman ; versión, José Vergara y José Vergara L. de San Román.
260 _a[Madrid] :
_bAlianza,
_c[1972]
300 _a347 p. :
_bil. ;
_c20 cm.
490 1 _aAlianza universidad ;
_v30
700 1 _aVergara, José.
_9114083
700 1 _aVergara L. de San Román, José.
_9114088
830 0 _aAlianza universidad ;
_v30
_9177276
852 _aES-MaACL
_jC-49432
_bR.84879
999 _c65549
_d65549